| 000 | 00529nam a22001817a 4500 | ||
|---|---|---|---|
| 999 |
_c124430 _d124430 |
||
| 005 | 20211023143449.0 | ||
| 008 | 211023b ||||| |||| 00| 0 eng d | ||
| 020 | _a9789811545795 | ||
| 040 | _cPK-LaUMT | ||
| 082 |
_a621.3815 _bIMU-W |
||
| 245 |
_aWireless power transfer : _busing magnetic and electric resonance coupling techniques / _cby Takehiro Imura |
||
| 260 |
_aSingapore : _bSpringer, _c2020 |
||
| 300 | _a427 p. | ||
| 650 | _aWireless power | ||
| 650 | _aTransmission | ||
| 650 | _aElectric circuits | ||
| 942 | _cBK | ||